Los cuentos / (Registro nro. 3764)
[ vista simple ]
| 000 -LEADER | |
|---|---|
| fixed length control field | 00859nam a2200289Ia 4500 |
| 003 - CONTROL NUMBER IDENTIFIER | |
| control field | OSt |
| 005 - DATE AND TIME OF LATEST TRANSACTION | |
| control field | 20250808145347.0 |
| 008 - FIXED-LENGTH DATA ELEMENTS--GENERAL INFORMATION | |
| fixed length control field | 191128t2005 ck a br 000 j spa d |
| 020 ## - INTERNATIONAL STANDARD BOOK NUMBER | |
| International Standard Book Number | 9588232503 |
| 040 ## - CATALOGING SOURCE | |
| Original cataloging agency | CO-JMCR |
| Transcribing agency | CO-JMCR |
| 041 ## - LANGUAGE CODE | |
| Language code of text/sound track or separate title | spa |
| 082 04 - DEWEY DECIMAL CLASSIFICATION NUMBER | |
| Classification number | C |
| Edition number | POMc1 |
| 082 ## - DEWEY DECIMAL CLASSIFICATION NUMBER | |
| Item number | |
| 100 ## - MAIN ENTRY--PERSONAL NAME | |
| Personal name | Pombo, Rafael, |
| Dates associated with a name | 1833-1912 |
| Relator term | autor |
| 9 (RLIN) | 4499 |
| 245 #0 - TITLE STATEMENT | |
| Title | Los cuentos / |
| 245 #0 - TITLE STATEMENT | |
| Statement of responsibility, etc. | Rafael Pombo |
| 260 ## - PUBLICATION, DISTRIBUTION, ETC. | |
| Place of publication, distribution, etc. | Bogotá |
| 260 ## - PUBLICATION, DISTRIBUTION, ETC. | |
| Name of publisher, distributor, etc. | Alcaldía Mayor de Bogotá : Instituto Distrital de Cultura y Turismo, |
| 260 ## - PUBLICATION, DISTRIBUTION, ETC. | |
| Date of publication, distribution, etc. | 2005 |
| 300 ## - PHYSICAL DESCRIPTION | |
| Extent | 60 páginas |
| 300 ## - PHYSICAL DESCRIPTION | |
| Other physical details | ilustraciones a blanco y negro |
| 300 ## - PHYSICAL DESCRIPTION | |
| Dimensions | 17 cm |
| 440 ## - SERIES STATEMENT/ADDED ENTRY--TITLE | |
| Title | Libro al viento |
| 9 (RLIN) | 842 |
| 505 ## - FORMATTED CONTENTS NOTE | |
| Formatted contents note | El gato bandido -- La pobre viejecita -- Pastorcita -- El renacuajo paseador -- Simón el bobito -- Cutufato y su gato |
| 650 14 - SUBJECT ADDED ENTRY--TOPICAL TERM | |
| Topical term or geographic name entry element | Cuentos infantiles |
| 9 (RLIN) | 4501 |
| 942 ## - ADDED ENTRY ELEMENTS (KOHA) | |
| Source of classification or shelving scheme | Dewey Decimal Classification |
| Koha item type | Books |
| Withdrawn status | Lost status | Source of classification or shelving scheme | Materials specified (bound volume or other part) | Damaged status | Not for loan | Collection code | Home library | Current library | Date acquired | Source of acquisition | Cost, normal purchase price | Total Checkouts | Full call number | Barcode | Date last seen | Date last checked out | Copy number | Koha item type |
|---|---|---|---|---|---|---|---|---|---|---|---|---|---|---|---|---|---|---|
| Dewey Decimal Classification | Donación--12/06/2018-- | Fiction | Biblioteca Pública José María del Castillo y Rada | Biblioteca Pública José María del Castillo y Rada | 11/28/2019 | Donación | 0.00 | 6 | C POMc1 | 201808069 | 06/27/2024 | 06/26/2024 | Ej.1 | Books |